Sedimentary geology : (Record no. 43911)
[ view plain ]
| 000 -LEADER | |
|---|---|
| fixed length control field | 01378cam a22004097i 4500 |
| 003 - CONTROL NUMBER IDENTIFIER | |
| control field | CUTN |
| 005 - DATE AND TIME OF LATEST TRANSACTION | |
| control field | 20241220151307.0 |
| 008 - FIXED-LENGTH DATA ELEMENTS--GENERAL INFORMATION | |
| fixed length control field | 121015t20132014nyua b 001 0 eng d |
| 020 ## - INTERNATIONAL STANDARD BOOK NUMBER | |
| International Standard Book Number | 9781429231558 (cloth) |
| 020 ## - INTERNATIONAL STANDARD BOOK NUMBER | |
| International Standard Book Number | 1429231556 (cloth) |
| 041 ## - LANGUAGE CODE | |
| Language | English |
| 042 ## - AUTHENTICATION CODE | |
| Authentication code | lccopycat |
| 082 04 - DEWEY DECIMAL CLASSIFICATION NUMBER | |
| Classification number | 552.5 |
| Edition number | 23 |
| Item number | PRO |
| 100 1# - MAIN ENTRY--PERSONAL NAME | |
| Personal name | Prothero, Donald R., |
| 245 10 - TITLE STATEMENT | |
| Title | Sedimentary geology : |
| Remainder of title | an introduction to sedimentary rocks and stratigraphy / |
| Statement of responsibility, etc | Donald R. Prothero, Museum of Natural History, Los Angeles County, Fred Schwab, Washington & Lee University. |
| 250 ## - EDITION STATEMENT | |
| Edition statement | Third edition. |
| 260 ## - PUBLICATION, DISTRIBUTION, ETC. (IMPRINT) | |
| Place of publication, distribution, etc | New York : |
| Name of publisher, distributor, etc | W.H. Freeman, |
| Date of publication, distribution, etc | 2014. |
| 300 ## - PHYSICAL DESCRIPTION | |
| Extent | vii, 593 pages : |
| Other physical details | illustrations ; |
| Dimensions | 29 cm |
| 650 #0 - SUBJECT ADDED ENTRY--TOPICAL TERM | |
| Topical term or geographic name as entry element | Sedimentation and deposition. |
| 650 #0 - SUBJECT ADDED ENTRY--TOPICAL TERM | |
| Topical term or geographic name as entry element | Sedimentology. |
| 650 #0 - SUBJECT ADDED ENTRY--TOPICAL TERM | |
| Topical term or geographic name as entry element | Sedimentary rocks. |
| 650 #0 - SUBJECT ADDED ENTRY--TOPICAL TERM | |
| Topical term or geographic name as entry element | Geology, Stratigraphic. |
| 650 #7 - SUBJECT ADDED ENTRY--TOPICAL TERM | |
| Topical term or geographic name as entry element | Geology, Stratigraphic. |
| 650 #7 - SUBJECT ADDED ENTRY--TOPICAL TERM | |
| Topical term or geographic name as entry element | Sedimentary rocks. |
| 650 #7 - SUBJECT ADDED ENTRY--TOPICAL TERM | |
| Topical term or geographic name as entry element | Sedimentology. |
| 700 1# - ADDED ENTRY--PERSONAL NAME | |
| Personal name | Schwab, F. L. |
| 942 ## - ADDED ENTRY ELEMENTS (KOHA) | |
| Source of classification or shelving scheme | Dewey Decimal Classification |
| Koha item type | General Books |
| 100 1# - MAIN ENTRY--PERSONAL NAME | |
| Relator term | author. |
| 504 ## - BIBLIOGRAPHY, ETC. NOTE | |
| Bibliography, etc | Includes bibliographical references (pages 552-573) and index. |
| 650 #7 - SUBJECT ADDED ENTRY--TOPICAL TERM | |
| Source of heading or term | fast |
| 9 (RLIN) | 4 |
| 650 #7 - SUBJECT ADDED ENTRY--TOPICAL TERM | |
| Source of heading or term | fast |
| 9 (RLIN) | 4 |
| 650 #7 - SUBJECT ADDED ENTRY--TOPICAL TERM | |
| Source of heading or term | fast |
| 9 (RLIN) | 4 |
| 700 1# - ADDED ENTRY--PERSONAL NAME | |
| Fuller form of name | (Frederic L.), |
| Relator term | author. |
| 906 ## - LOCAL DATA ELEMENT F, LDF (RLIN) | |
| a | 7 |
| b | cbc |
| c | copycat |
| d | 2 |
| e | ncip |
| f | 20 |
| g | y-gencatlg |
| Withdrawn status | Lost status | Source of classification or shelving scheme | Damaged status | Not for loan | Collection code | Home library | Location | Shelving location | Date of Cataloging | Total Checkouts | Full call number | Barcode | Date last seen | Price effective from | Koha item type |
|---|---|---|---|---|---|---|---|---|---|---|---|---|---|---|---|
| Dewey Decimal Classification | Non-fiction | CUTN Central Library | CUTN Central Library | Sciences | 20/12/2024 | 552.5 PRO | 50792 | 20/12/2024 | 20/12/2024 | General Books | |||||
| Dewey Decimal Classification | Non-fiction | CUTN Central Library | CUTN Central Library | Sciences | 20/12/2024 | 552.5 PRO | 50793 | 20/12/2024 | 20/12/2024 | General Books |
